00469nam a2200145 a 4500008004100000020001500041050001600056100001800072245009600090246006400186260002200250300002000272350000900292650002200301120416s1975 ||||||||||||||||| || u a0853020442 aHB 2121 Int aParkin, David10aTown and country in central and eastern Africacedited with an introduction by David Parkin astudies presented and discussed at the twelfth .....seminar aLusakabIAIc1975 aix, 362p. : ill a0.00 aTOWNS AND COUNTRY